| 000 | 00346nam a22001097a 4500 | ||
|---|---|---|---|
| 082 | _a684.08 HAY'P | ||
| 100 |
_aHAYCOCK, A. H _957396 |
||
| 245 | _aPRINCIPLES OF MACHINE WOODWORKING SAWING & PLANING TENONING MORTISING AND BORING SPINDLE MOULDING ROUTING FOUR CUTTER PRACTICE | ||
| 260 |
_aLONDON _bTECHNICAL _c1961 |
||
| 300 | _a228P | ||
| 942 | _cBK | ||
| 999 |
_c568335 _d568335 |
||